Central Library OPAC University of Rajshahi

The poem of the mind : (Record no. 20642)

MARC details
000 -LEADER
fixed length control field 00786nam a2200241 a 4500
001 - CONTROL NUMBER
control field 20642
003 - CONTROL NUMBER IDENTIFIER
rucl marc code BD-RjUL
005 - DATE AND TIME OF LATEST TRANSACTION
control field 20211209000607.0
008 - FIXED-LENGTH DATA ELEMENTS--GENERAL INFORMATION
fixed length control field 140301s1966 nyu b 001 1 eng d
035 ## - SYSTEM CONTROL NUMBER
System control number (BD-RjUL)20704
-- (OCoLC)269706
040 ## - CATALOGING SOURCE
Original cataloging agency LC
Language of cataloging eng
Transcribing agency LC
Modifying agency BD-RjUL
041 ## - LANGUAGE CODE
Language code of text/sound track or separate title eng
082 04 - DEWEY DECIMAL CLASSIFICATION NUMBER
Classification number 821.09
Author mark and year MAP 1966
100 1# - MAIN ENTRY--PERSONAL NAME
Personal name Martz, Louis Lohr.
9 (RLIN) 60520
245 14 - TITLE STATEMENT
Title The poem of the mind :
Remainder of title essays on poetry/English and American /
Statement of responsibility, etc. Louis L. Martz
260 ## - PUBLICATION, DISTRIBUTION, ETC. (IMPRINT)
Place of publication, distribution, etc. New York :
Name of publisher, distributor, etc. Oxford University Press,
Date of publication, distribution, etc. 1966.
300 ## - PHYSICAL DESCRIPTION
Pagination xiii, 231 p. ;
Size 21 cm.
504 ## - BIBLIOGRAPHY, ETC. NOTE
Bibliography, etc Includes bibliographical references and index.
650 #0 - SUBJECT ADDED ENTRY--TOPICAL TERM
Topical term or geographic name as entry element English poetry
General subdivision History and criticism
9 (RLIN) 54587
Topical term or geographic name as entry element American poetry
General subdivision History and criticism
9 (RLIN) 63697
942 ## - ADDED ENTRY ELEMENTS (KOHA)
Source of classification or shelving scheme Dewey Decimal Classification
Koha item type Books
Holdings
Lost status Source of classification or shelving scheme Damaged status Not for loan Collection code Permanent Location Current Location Shelving location Date acquired Source of acquisition Cost, normal purchase price Total Checkouts Full call number Date last seen Copy number Koha item type
  Dewey Decimal Classification     Fiction Central Library, University of Rajshahi Central Library, University of Rajshahi   28/02/1970 Zeit. 48.60   821.09 MAP 1966 01/03/2014 C-2 Books